<?xml version="1.0" encoding="UTF-8"?>
<record
    xmlns:xsi="http://www.w3.org/2001/XMLSchema-instance"
    xsi:schemaLocation="http://www.loc.gov/MARC21/slim http://www.loc.gov/standards/marcxml/schema/MARC21slim.xsd"
    xmlns="http://www.loc.gov/MARC21/slim">

  <leader>01308cam a2200205 a 4500</leader>
  <datafield tag="020" ind1=" " ind2=" ">
    <subfield code="a">9780495114789 (pbk.)</subfield>
  </datafield>
  <datafield tag="020" ind1=" " ind2=" ">
    <subfield code="a">0495114782 (pbk.)</subfield>
  </datafield>
  <datafield tag="020" ind1=" " ind2=" ">
    <subfield code="a">9788131505762</subfield>
  </datafield>
  <datafield tag="082" ind1=" " ind2=" ">
    <subfield code="a">543.0877 PAV</subfield>
  </datafield>
  <datafield tag="245" ind1="0" ind2="0">
    <subfield code="a">Spectroscopy /</subfield>
  </datafield>
  <datafield tag="250" ind1=" " ind2=" ">
    <subfield code="a">Indian ed.</subfield>
  </datafield>
  <datafield tag="260" ind1=" " ind2=" ">
    <subfield code="a">Belmont, CA :</subfield>
    <subfield code="b">Brooks/Cole, Cengage Learning,</subfield>
    <subfield code="c">c2007.</subfield>
  </datafield>
  <datafield tag="300" ind1=" " ind2=" ">
    <subfield code="a">xv, 690, p. :</subfield>
    <subfield code="b">ill. ;</subfield>
  </datafield>
  <datafield tag="500" ind1=" " ind2=" ">
    <subfield code="a">Previous ed. entered under Pavia.</subfield>
  </datafield>
  <datafield tag="520" ind1="1" ind2=" ">
    <subfield code="a">"Pavia/Lampman/Kriz/Vyvyan's Introduction to Spectroscopy, 4e, is a comprehensive resource that provides a systematic introduction to spectra and basic theoretical concepts in spectroscopic methods that creates a practical learning resource, whether you're an introductory student or someone who needs a reliable reference text on spectroscopy." "This introduction features updated spectra, a modernized presentation of one-dimensional Nuclear Magnetic Resonance (NMR) spectroscopy, the introduction of biological molecules in mass spectrometry, and inclusion of modern techniques alongside DEPT, COSY, and HECTOR. Count on this book's exceptional presentation to provide the comprehensive coverage needed to truly understand today's spectroscopic techniques."--BOOK JACKET.</subfield>
  </datafield>
  <datafield tag="650" ind1=" " ind2="0">
    <subfield code="a">Spectrum analysis</subfield>
  </datafield>
  <datafield tag="650" ind1=" " ind2="0">
    <subfield code="a">Organic compounds</subfield>
  </datafield>
  <datafield tag="700" ind1="1" ind2=" ">
    <subfield code="a">Pavia, Donald L.</subfield>
  </datafield>
  <datafield tag="942" ind1=" " ind2=" ">
    <subfield code="c">BK</subfield>
  </datafield>
  <datafield tag="999" ind1=" " ind2=" ">
    <subfield code="c">348</subfield>
    <subfield code="d">348</subfield>
  </datafield>
  <datafield tag="952" ind1=" " ind2=" ">
    <subfield code="0">0</subfield>
    <subfield code="1">0</subfield>
    <subfield code="7">0</subfield>
    <subfield code="8">NFIC</subfield>
    <subfield code="a">IC</subfield>
    <subfield code="b">IC</subfield>
    <subfield code="c">GEN</subfield>
    <subfield code="d">2015-03-04</subfield>
    <subfield code="l">39</subfield>
    <subfield code="m">1</subfield>
    <subfield code="o">543.0877 PAV</subfield>
    <subfield code="p">005832</subfield>
    <subfield code="r">2019-03-26 00:00:00</subfield>
    <subfield code="s">2018-03-14</subfield>
    <subfield code="y">REF</subfield>
  </datafield>
  <datafield tag="952" ind1=" " ind2=" ">
    <subfield code="0">0</subfield>
    <subfield code="1">0</subfield>
    <subfield code="7">0</subfield>
    <subfield code="8">NFIC</subfield>
    <subfield code="a">IC</subfield>
    <subfield code="b">IC</subfield>
    <subfield code="c">GEN</subfield>
    <subfield code="d">2015-03-04</subfield>
    <subfield code="g">16602.00</subfield>
    <subfield code="l">69</subfield>
    <subfield code="m">5</subfield>
    <subfield code="o">543.0877 PAV</subfield>
    <subfield code="p">006319</subfield>
    <subfield code="r">2026-01-31 10:31:47</subfield>
    <subfield code="s">2026-01-17</subfield>
    <subfield code="w">2015-03-04</subfield>
    <subfield code="y">BK</subfield>
  </datafield>
  <datafield tag="952" ind1=" " ind2=" ">
    <subfield code="0">0</subfield>
    <subfield code="1">0</subfield>
    <subfield code="7">0</subfield>
    <subfield code="8">NFIC</subfield>
    <subfield code="a">IC</subfield>
    <subfield code="b">IC</subfield>
    <subfield code="c">GEN</subfield>
    <subfield code="d">2015-03-10</subfield>
    <subfield code="l">58</subfield>
    <subfield code="m">3</subfield>
    <subfield code="o">543.0877 PAV</subfield>
    <subfield code="p">005831</subfield>
    <subfield code="r">2025-06-19 10:18:22</subfield>
    <subfield code="s">2025-06-05</subfield>
    <subfield code="w">2015-03-10</subfield>
    <subfield code="y">BK</subfield>
  </datafield>
  <datafield tag="952" ind1=" " ind2=" ">
    <subfield code="0">0</subfield>
    <subfield code="1">0</subfield>
    <subfield code="7">0</subfield>
    <subfield code="8">NFIC</subfield>
    <subfield code="a">IC</subfield>
    <subfield code="b">IC</subfield>
    <subfield code="c">GEN</subfield>
    <subfield code="d">2015-03-15</subfield>
    <subfield code="l">70</subfield>
    <subfield code="m">5</subfield>
    <subfield code="o">543.0877 PAV</subfield>
    <subfield code="p">006294</subfield>
    <subfield code="r">2023-05-28 00:00:00</subfield>
    <subfield code="s">2023-05-07</subfield>
    <subfield code="w">2015-03-15</subfield>
    <subfield code="y">BK</subfield>
  </datafield>
  <datafield tag="952" ind1=" " ind2=" ">
    <subfield code="0">0</subfield>
    <subfield code="1">0</subfield>
    <subfield code="7">0</subfield>
    <subfield code="8">NFIC</subfield>
    <subfield code="a">IC</subfield>
    <subfield code="b">IC</subfield>
    <subfield code="c">GEN</subfield>
    <subfield code="d">2015-04-27</subfield>
    <subfield code="l">63</subfield>
    <subfield code="m">4</subfield>
    <subfield code="o">543.0877 PAV</subfield>
    <subfield code="p">005855</subfield>
    <subfield code="r">2022-11-17 00:00:00</subfield>
    <subfield code="s">2021-04-20</subfield>
    <subfield code="w">2015-04-27</subfield>
    <subfield code="y">BK</subfield>
  </datafield>
</record>
